|
|
|
|
| LEADER |
00000nam a22000007a 4500 |
| 005 |
20220511224316.0 |
| 007 |
cr|||| |||| |
| 008 |
220511s2021 br |||||s|||| 00||0 por d |
| 020 |
|
|
|a 978-85-301-0243-3
|
| 035 |
|
|
|a 36389
|
| 040 |
|
|
|a vLex
|
| 090 |
|
|
|c 13326
|d 13326
|
| 100 |
1 |
|
|a Maranhao, Ney
|
| 245 |
1 |
0 |
|a Direitos humanos e relaė̳s trabalhistas
|h [Recurso electrn̤ico] :
|b estudo em homenagem ̉professora Rosita de Nazar ̌Sidrim Nassar /
|c Ney Maranhao, Gisele Santos Fernandes Goes, Pastora do Socorro Teixeira Leal
|
| 256 |
|
|
|a Servicio en ln̕ea
|
| 260 |
|
|
|a San Pablo:
|b LTR,
|c 2021
|
| 300 |
|
|
|a 1 recurso electrn̤ico
|
| 500 |
|
|
|a Este livro contm̌, sob ml︢tiplos olhares, variados e polm̊icos assuntos alusivos ̉salvaguarda dos direitos humanos no mundo do trabalho. Congrega autores de grande destaque e competn̊cia nas r̀eas em que atuam. Produto diferenciado em homenagem ̉Profa. Rosita Nassar, Professora aposentada da UFPA, Desembargadora do TRT-8 (PA/AP) e integrante da festejada Academia Brasileira de Direito do Trabalho. “Esta obra, denominada Direitos humanos e relaė̳s trabalhistas, ren︢e artigos da lavra de diversos nomes das letras jurd̕icas do Par ̀e de outros Estados brasileiros, sobretudo seus colegas de magistřio, magistratura e Ministřio Pb︢lico, contribuindo para o aprofundamento dos estudos das queste̳s sociais, mx̀ime neste momento de profundas alteraė̳s nas estruturas normativas de nosso pas̕. Ao ensejo de sua aposentadoria do magistřio superior, no qual sempre se destacou como professora dedicada e caprichosa, esta obra vem a representar a homenagem de colegas e de ex-alunos de ROSITA NASSAR, reconhecendo sua importante contribuiȯ̂ para o Direito do Trabalho”.
|
| 506 |
1 |
|
|a Disponible solo en los productos indicados
|d vLex Global
|d vLex Global (Academic Edition, excluding Law Schools)
|d vLex Global (U.S. Academic Edition, Law Schools)
|d vLex Global (U.S. Academic Edition, excluding Law Schools)
|d vLex Global (Academic Edition, Law Schools)
|
| 650 |
0 |
4 |
|a Derecho Laboral y Seguridad Social
|z Brasil
|
| 700 |
1 |
|
|a Fernandes Goes, Gisele Santos
|
| 700 |
1 |
|
|a Teixeira Leal, Pastora do Socorro
|
| 740 |
0 |
|
|a vLex Libros (Servicio en ln̕ea)
|
| 856 |
4 |
0 |
|u https://app.vlex.com/#/sources/36389
|z Acceso restringido
|
| 942 |
|
|
|c BOOK
|
| 999 |
0 |
|
|a Labor law and social security
|